Návrh špeciálnych funkcií sieťového adaptéra v prostredí PLD

Gespeichert in:
Bibliographische Detailangaben
1. Verfasser: Bebej, Stanislav, 1983- (Verfasst von)
Weitere Verfasser: Hudec, Ján, 1953- (Betreuung Doktorarbeit)
Format: Manuskript Buch
Sprache:Slowakisch
Veröffentlicht: STU v Bratislave FIIT, 2008
Schlagworte:
Tags: Tag hinzufügen
Keine Tags, Fügen Sie das erste Tag hinzu!

MARC

LEADER 00000ntm a22000003a 4500
001 stu184145
005 20180412104655.2
008 090513s2008----xo------------------slo-d
040 |a STU  |b slo 
041 0 |a slo 
044 |a xo 
100 1 |a Bebej, Stanislav,  |d 1983-  |4 aut  |X 30648  |7 A000030648 
245 1 |a Návrh špeciálnych funkcií sieťového adaptéra v prostredí PLD 
260 |b STU v Bratislave FIIT,  |c 2008 
300 |a 50 s  |c príl. 
650 7 |a počítačové inžinierstvo  |2 stusub 
700 1 |a Hudec, Ján,  |d 1953-  |4 ths  |u I100  |U FIIT Fakulta informatiky a informačných technológií  |T FIIT Ústav počítačových systémov a sietí  |X 1995  |U I100  |Y 178  |7 A000001995 
996 |c I*DP82/08  |l II680  |s P  |a 0  |w stu184145_0001